000 01105 a2200337 4500
502 _aThèse de Doctorat
260 _aWageningen
653 1 _aAgronomie
100 _aGERRITSEN, Peter R. W.
041 _bEn
260 _bUniversité de Wageningen
300 _axi-286 p.
245 _aDiversity at stake : a farmers' perspective on biodiversity and conservation in Western Mexico
650 _aPAYSAN
650 _aGESTION DES RESSOURCES NATURELLES
650 _aBIODIVERSITE
650 _aUTILISATION DES TERRES
260 _c25 septembre 2002
300 _bIll., Couv. ill. ; 24 cm
130 _lEn
710 _aWageningen University
040 _aSupport
041 _bEn
100 _uAbomey-Calavi, Université d'Abomey-Calavi, Faculté des Sciences Agronomiques, Bj
651 _aMEXIQUE
520 _aThis study seeks to contribute to the scientific debate on biodiversity conservation to protect natural areas that are inhabitated by local farming...
690 _aREGIONAL FARMING
690 _aFARMERS PERSPECTIVE
020 _a90-5808-708-5
999 _c31808
_d31808